000 01018nam a2200313 i 4500
003 EG-ScBUE
005 20260218103855.0
008 200219s2025 ii f 001 0 eng d
020 _a9789356965140
040 _aEG-ScBUE
_beng
_erda
_cEG-ScBUE
_dEG-ScBUE
082 0 4 _222
_a610.73072
_bIND
100 1 _aIndrani, T. K.,
_eauthor.
245 1 0 _aResearch methodology for nurses /
_cT. K. Indrani and Alisha Talwar.
250 _aSecond edition.
264 1 _aNew Delhi :
_bJaypee Brothers Medical Publishers Pvt. Ltd.,
_c2025.
300 _a267 pages ;
_c24 cm
336 _2rdacontent
_atext
_btxt
337 _2rdamedia
_aunmediated
_bn
338 _2rdacarrier
_avolume
_bnc
500 _aIncludes index.
650 7 _2BUEsh
_aNursing research.
650 7 _2BUEsh
_aResearch methodology.
650 7 _2BUEsh
_aNursing students
_xHandbooks, manuals, etc.
653 _cFebruary2026
_bNNUR
655 _vReading book
700 1 _aTalwar, Alisha,
_eauthor.
942 _2ddc
_cBB
999 _c31144
_d31115